Issues in health care policy /

Bibliographic Details
Other Authors: McKinlay, John B.
Format: Book
Language:English
Published: Cambridge, Mass. : MIT Press, [1981]
Series:Milbank reader ; 3.
Subjects:

MARC

Tag First Indicator Second Indicator Subfields
LEADER 00000pam a2200000 a 4500
001 in00000099659
005 20150924160316.0
008 810723s1981 maua b 00100 eng
010 |a  81012390  
020 |a 0262630796 (pbk.) 
020 |a 0262131781 
035 |a (OCoLC)07733658 
035 |9 AAL0277AM 
040 |a DLC  |c DLC  |d TXA  |d UtOrBLW 
043 |a n-us--- 
049 |a TXAM  |c [986062] 
050 0 0 |a RA395.A3  |b I86 
060 0 0 |a W 84 AA1 I83 
082 0 |a 362.1/0973  |2 19 
245 0 0 |a Issues in health care policy /  |c edited by John B. McKinlay. 
264 1 |a Cambridge, Mass. :  |b MIT Press,  |c [1981] 
264 4 |c ©1981 
300 |a xiv, 467 pages :  |b illustrations ;  |c 24 cm. 
336 |a text  |b txt  |2 rdacontent 
337 |a unmediated  |b n  |2 rdamedia 
338 |a volume  |b nc  |2 rdacarrier 
490 1 |a Milbank reader ;  |v 3 
504 |a Includes bibliographies and index. 
650 0 |a Medical policy  |z United States. 
650 2 |a Health Policy  |z United States  |x Collected works. 
650 2 |a Delivery of Health Care  |z United States  |x Collected works. 
700 1 |a McKinlay, John B. 
830 0 |a Milbank reader ;  |v 3. 
999 |a MARS 
999 f f |s 55e80a4f-b001-35f3-b383-021429319e7f  |i 34c44bc5-26a3-34bc-9836-6f40d8451fb8  |t 0 
952 f f |p ric  |a Texas A&M University  |b Rellis Campus  |c Joint Library Facility  |d Remote Storage  |t 0  |e RA395.A3 I86  |h Library of Congress classification  |i unmediated -- volume  |m A14806044986 
998 f f |a RA395.A3 I86  |t 0  |l Remote Storage